Top 30 Ballon d'Or : 2024 - Statistiques

Statistiques générales
  • Ce quiz a été pris 58 fois
  • Le résultat moyen est 17 sur 30
Statistiques - réponses
Classement Pays Club Joueur % Correct
#1 ESP MAN CITY Rodri
100%
#6 FRA REAL MADRID Kylian Mbappé
98%
#2 BRE REAL MADRID Vinicius Jr
98%
#5 NOR MAN CITY Erling Haaland
96%
#8 ESP BARCELONE Lamine Yamal
90%
#3 ANG REAL MADRID Jude Bellingham
88%
#7 ARG INTER Lautaro Martinez
83%
#18 ARG INTER Emiliano Martinez
79%
#10 ANG BAYERN MUNICH Harry Kane
79%
#27 POR PSG Vitinha
71%
#4 ESP REAL MADRID Dani Carvajal
67%
#14 NIG ATALANTA Ademola Lookman
63%
#17 URU REAL MADRID Federico Valverde
56%
#19 NOR ARSENAL Martin Odegaard
56%
#11 ANG MAN CITY Phil Foden
54%
#12 ALL BAYER 04 Florian Wirtz
52%
#9 ALL REAL MADRID Tony Kroos
52%
#21 ANG ARSENAL Bukayo Saka
48%
#16 SUI BAYER 04 Granit Xhaka
46%
#26 ANG ARSENAL Declan Rice
44%
#15 ESP ATHLETIC CLUB Nico Williams
44%
#25 ANG CHELSEA Cole Palmer
35%
#20 TUR INTER Hakan Calhanoglu
35%
#22 ALL REAL MADRID Antonio Rüdiger
31%
#24 FRA ARSENAL William Saliba
31%
#23 POR MAN CITY Ruben Dias
27%
#30 UKR AS ROME Artem Dovbyk
23%
#28 ESP BAYER 04 Alejandro Grimaldo
21%
#13 ESP BARCELONE Dani Olmo
17%
#29 ALL DORTMUND Mats Hummels
17%
Aucun quiz correspondant
Distribution des résultats
% des personnes avec chaque résultat
Percentile par nombre de réponses
Votre historique - résultats
Vous n’avez pas pris ce quiz